000 00356pam a2200157 a 4500
020 _c
041 _h
082 _a642.4
100 _aREAY
_eAuthor
245 _aHOTEL & CATERING FOR BTEC FIRST
_cREAY
_hTextual Documents
260 _aLondon
_bEducational Law
300 _a165
653 _aCatering Science
700 _eCo-Author
930 _a2110
999 _c229511
_d229511